LEADER 01263nam0 2200301 450 001 000019589 005 20081119103552.0 010 $a3764312041 100 $a20081119d1980----km-y0itay50------ba 101 0 $aeng$ager 102 $aCH 105 $ay-------101yy 200 1 $aBifurcation problems and their numerical solution$eworkshop on bifurcation problems and their numerical solution$eDortmund, January 15-17, 1980$fedited by H. D. Mittelmann and H. Weber 210 $aBasel$cBirkhauser$d1980 215 $a243 p.$d24 cm 225 2 $aInternational series of numerical mathematics$v54 410 0$12001$aInternational series of numerical mathematics 500 10$aBifurcation problems and their numerical solution$933812 610 1 $aEquazioni differenziali lineari alle derivate parziali 676 $a515.355$v19$9Equazioni differenziali non lineari 702 1$aWeber,$bH.$f<1948- > 702 1$aMittelmann,$bHans Detlef 710 12$aWorkshop on bifurcation problems and their numerical solution$f<1980 ;$eDortmund>$0632416 801 0$aIT$bUNIPARTHENOPE$c20081119$gRICA$2UNIMARC 912 $a000019589 951 $aM 515.355/1$bM 367$cDSA$d2008 996 $aBifurcation problems and their numerical solution$933812 997 $aUNIPARTHENOPE LEADER 01380nam 2200373Ia 450 001 996385278403316 005 20200824131949.0 035 $a(CKB)4940000000079674 035 $a(EEBO)2240849319 035 $a(OCoLC)ocm12952572e 035 $a(OCoLC)12952572 035 $a(EXLCZ)994940000000079674 100 $a19851223d1697 uy | 101 0 $aeng 135 $aurbn||||a|bb| 200 00$aMiscellany poems$b[electronic resource] /$fby Mr. Dennis with select translations of Horace, Juvenal, Mons. Boileau's Epistles, Satyrs, &c., and Ęsop's Fables, in burlesque verse ; to which is added, The passion of Byblis, with some critical reflections on Mr. Oldham, and his writings ; with letters and poems 205 $aThe second edition with large additions. 210 $aLondon $cPrinted for Sam. Briscoe ...$d1697 215 $a[66], 16, [36], 144 p 300 $aAdded t.p. on prelim. p. [39]: The passion of Byblis. 300 $aErrata and advertisement: p. [37] 300 $aReproduction of original in Huntington Library. 330 $aeebo-0113 701 2$aOvid$f43 B.C.-17 or 18 A.D.$0154954 701 $aDennis$b John$f1657-1734.$0193682 801 0$bEAA 801 1$bEAA 801 2$bm/c 801 2$bEAA 801 2$bWaOLN 906 $aBOOK 912 $a996385278403316 996 $aMiscellany poems$92346517 997 $aUNISA